|
005 -DATA I CZAS OSTATNIEJ MODYFIKACJI [,]
|
-
- @
- pole kontrolne
- 20120910101226.0
|
|
020 -Międzynarod. znormalizowany nr książki - ISBN [ , ]
|
-
- a
- Numer ISBN
- 9781401924690
|
|
020 -Międzynarod. znormalizowany nr książki - ISBN [ , ]
|
-
- a
- Numer ISBN
- 9781401924683
|
|
020 -Międzynarod. znormalizowany nr książki - ISBN [ , ]
|
-
- a
- Numer ISBN
- 9781401926007
|
|
040 -Instytucja sporządzająca opis [ , ]
|
-
- a
- Instytucja, która sporządziła opis (NP)
- SZCZ U/DL
-
- c
- Instytucja, która sporządziła rekord (NP)
- SZCZ U/DL
-
- d
- Instytucja, która zmodyfikowała rekord (P)
- SZCZ U/JŚ
|
|
041 -Język dokumentu [0, ]
|
-
- a
- Język tekstu (P)
- angielski
|
|
044 -Kraj miejsca wydania [ , ]
|
-
- a
- Kraj miejsca wydania
- USA
|
|
942 -Rodzaj dokumentu [ , ]
|
-
- c
- Rodzaj dokumentu
- Książka
|
|
080 -Uniwersalna Klasyfikacja Dziesiętna [ , ]
|
-
- 2
- Identyfikator wydania tablic
- UDC-P058
-
-
- a
- Symbol klasyfikacji
- 316.7
-
- b
- Dopowiedzenie
- Socjologia kultury. Kulturowy kontekst życia społecznego. Antropologia społeczna. Kultura różnych społeczeństw. Cywilizacja. Podkultury. Subkultury. Kultura masowa. Kultury różnych grup. Dynamika kultury. Akulturacja. Zmiana kulturowa. Rozprzestrzenianie się kultury. Sankcje społeczne. Uspołecznianie zachowań.
-
-
-
- c
- Dopowiedzenie poddz. wspólnego
- =Język angielski.
|
|
080 -Uniwersalna Klasyfikacja Dziesiętna [ , ]
|
-
- 2
- Identyfikator wydania tablic
- UDC-P058
-
-
- a
- Symbol klasyfikacji
- 316.6
-
- b
- Dopowiedzenie
- Psychologia społeczna. Zachowania społeczne. Aktywność i bierność w zachowaniu społecznym. Motywacje ludzkiego zachowania. Potrzeby. Aspiracje.
-
-
-
- c
- Dopowiedzenie poddz. wspólnego
- =Język angielski.
|
|
080 -Uniwersalna Klasyfikacja Dziesiętna [ , ]
|
-
- 2
- Identyfikator wydania tablic
- UDC-P058
-
-
- a
- Symbol klasyfikacji
- 159.92
-
- b
- Dopowiedzenie
- Rozwój psychiczny. Zdolności umysłowe.
-
-
-
- c
- Dopowiedzenie poddz. wspólnego
- =Język angielski.
|
|
080 -Uniwersalna Klasyfikacja Dziesiętna [ , ]
|
-
- 2
- Identyfikator wydania tablic
- UDC-P058
-
-
- a
- Symbol klasyfikacji
- 159.95
-
- b
- Dopowiedzenie
- Wyższe procesy poznawcze. Inteligencja.
-
-
-
- c
- Dopowiedzenie poddz. wspólnego
- =Język angielski.
|
|
980 -Symbol UKD [ , ]
|
-
- a
- UKD
- 316.7:316.6:159.92:159.95]=111
|